|
|
|
|
| LEADER |
00000nam a2200000 a 4500 |
| 001 |
vtls001086427 |
| 003 |
SK-MaSNL |
| 005 |
20260301001003.0 |
| 008 |
250414s1987 xo 0 slo |
| 015 |
|
|
|a SNBA1987/12
|
| 035 |
|
|
|a SNK000029266
|
| 040 |
|
|
|a SNK
|b slo
|c SNK
|e AACR2
|
| 041 |
0 |
|
|a slo
|
| 044 |
|
|
|a xo
|c SK
|
| 080 |
|
|
|a 621.3(075.3)
|2 1981
|
| 100 |
1 |
|
|a Šilhán, Vladimír
|4 aut
|9 276780
|
| 245 |
1 |
0 |
|a Elektrotechnika 2 pre 3. ročník SPŠ strojníckych
|c Vladimír Šilhán, František Bernat, Jiří Vaníček ; Ladislav Vannay
|
| 250 |
|
|
|a 1. vyd.
|
| 260 |
|
|
|a Bratislava
|b Alfa
|c 1987
|e Bratislava
|f Svornosť
|
| 300 |
|
|
|a 168 s., 9,09 AH
|b Tb. Fot. Sch.
|c 21 cm
|
| 366 |
|
|
|e 4000 výtl.
|
| 490 |
0 |
|
|a Edícia elektrotechnickej literatúry
|
| 500 |
|
|
|a Lit. 6. Schválilo MŠ SSR. 6 zázn. v češ.
|
| 700 |
1 |
|
|a Bernat, František
|4 aut
|9 276781
|
| 700 |
1 |
|
|a Vaníček, Jiří
|4 aut
|9 276782
|
| 700 |
1 |
|
|a Vannay, Ladislav
|4 trl
|9 276783
|
| 852 |
|
|
|a Slovenská národná knižnica
|
| 958 |
|
|
|a OND
|
| 958 |
|
|
|a NB
|
| 958 |
|
|
|a CZ
|
| 958 |
|
|
|a UC
|
| 958 |
|
|
|a TL
|
| 958 |
|
|
|a OP
|
| 999 |
|
|
|c 533949
|d 535879
|
| 952 |
|
|
|a SNK
|b SNK
|y PREZ
|7 0
|p 17A0935258
|o snkSC 69993/2
|0 0
|1 0
|4 0
|d 2012-09-14
|l 0
|r 2025-07-18 00:00:00
|w 2026-02-23
|
| 952 |
|
|
|t P60, <04>, [BOOK], {604}
|a SNK
|b SNK
|y VYP
|7 0
|p 17A0062429
|o snkSC 69993/2 D1
|0 0
|1 0
|4 0
|d 1997-04-23
|l 0
|r 2004-12-31 00:00:00
|w 2026-02-23
|